000 01215cab a2200301 4500
001 ABS51773
008 090401t1994 xxu||||| |||| 00| 0 eng d
035 _a(Sirsi) u43521
041 _aeng
100 _aRodgers, C.P.
245 _aEnforcing repairing obligations on the farm - not so model clauses
260 _c1994
350 _a0
490 _aALA Bulletin
_v(14) September 1994, 2-3(2)
520 _aHighlights with reference to "Hammond v Allen" (ABS48254) and "Grayless v Watkinson" (ABS42734) the inadequacy of the model clauses for repairing obligations of agricultural property found in the appendix to Agricultural (Maintenance Repair and Insurance of Fixed Equipment) Regulations 1973 (SI 1973:1473) amended by SI 1988:281.
650 _aPROPERTY-LANDLORD AND TENANT-TENANCIES-AGRICULTURAL TENANCIES
650 _aGRAYLESS V WATKINSON
650 _aHAMMOND V ALLEN
650 _aBUILT ENVIRONMENT-BUILDING MAINTENANCE AND REFURBISHMENT
650 _aMODEL CLAUSES
650 _aREPAIRING OBLIGATIONS
650 _aREPAIRS
650 _aREPLACEMENT
650 _aTUSTIAN V JOHNSON
690 _aLANDLORD AND TENANT-AGRICULTURAL TENANCIES
942 _n0
948 _c04/03/1997
999 _c27748
_d27748